Normal view
MARC view
Entry Personal Name
001 - CONTROL NUMBER
- control field: 2252
003 - CONTROL NUMBER IDENTIFIER
- control field: BD-RjUL
005 - DATE AND TIME OF LATEST TRANSACTION
- control field: 20220404141353.0
008 - FIXED-LENGTH DATA ELEMENTS
- fixed length control field: 220404|| aca||aabn | a|a d
040 ## - CATALOGING SOURCE
- Original cataloging agency: BD-RjUL
- Transcribing agency: BD-RjUL
100 ## - HEADING--PERSONAL NAME
- Personal name: হোসাইন, এস এম জাকির
670 ## - SOURCE DATA FOUND
- Source citation: Work cat.: (BD-RjUL)79664: হোসাইন, এস এম জাকির , আন্দোলন-সংগ্রামে বাংলাদেশ ছাত্রলীগ / , ২০১৭